The science of genetics / (Record no. 3832)
[ view plain ]
| 000 -LEADER | |
|---|---|
| fixed length control field | 01260cam a2200373 a 4500 |
| 001 - CONTROL NUMBER | |
| control field | 2145886 |
| 003 - CONTROL NUMBER IDENTIFIER | |
| control field | mut |
| 005 - DATE AND TIME OF LATEST TRANSACTION | |
| control field | 20240606080922.0 |
| 008 - FIXED-LENGTH DATA ELEMENTS--GENERAL INFORMATION | |
| fixed length control field | 980427s1999 txua b 001 0 eng d |
| 010 ## - LIBRARY OF CONGRESS CONTROL NUMBER | |
| LC control number | 98085629 |
| 015 ## - NATIONAL BIBLIOGRAPHY NUMBER | |
| National bibliography number | GB99-19831 |
| 020 ## - INTERNATIONAL STANDARD BOOK NUMBER | |
| International Standard Book Number | 0030332222 |
| 035 ## - SYSTEM CONTROL NUMBER | |
| System control number | (OCoLC)40699479 |
| 040 ## - CATALOGING SOURCE | |
| Original cataloging agency | OAU |
| Transcribing agency | OAU |
| Modifying agency | Uk |
| -- | DLC |
| 042 ## - AUTHENTICATION CODE | |
| Authentication code | lccopycat |
| 050 04 - LIBRARY OF CONGRESS CALL NUMBER | |
| Classification number | QH430 |
| Item number | .A86 1999 |
| 082 00 - DEWEY DECIMAL CLASSIFICATION NUMBER | |
| Classification number | 576.5 |
| Edition information | 21 |
| 100 1# - MAIN ENTRY--PERSONAL NAME | |
| Personal name | Atherly, Alan G. |
| 245 14 - TITLE STATEMENT | |
| Title | The science of genetics / |
| 260 ## - PUBLICATION, DISTRIBUTION, ETC. | |
| Place of publication, distribution, etc. | Fort Worth : |
| Name of publisher, distributor, etc. | Saunders College Publishing, |
| Date of publication, distribution, etc. | c1999. |
| 300 ## - PHYSICAL DESCRIPTION | |
| Extent | xxiii, 704, [48] p. : |
| Other physical details | col. ill. ; |
| Dimensions | 29 cm. |
| 500 ## - GENERAL NOTE | |
| General note | Col. ill. on end papers. |
| 504 ## - BIBLIOGRAPHY, ETC. NOTE | |
| Bibliography, etc. note | Includes bibliographical references and index. |
| 650 #0 - SUBJECT ADDED ENTRY--TOPICAL TERM | |
| Topical term or geographic name entry element | Genetics. |
| 650 #0 - SUBJECT ADDED ENTRY--TOPICAL TERM | |
| Topical term or geographic name entry element | Molecular genetics. |
| 650 #0 - SUBJECT ADDED ENTRY--TOPICAL TERM | |
| Topical term or geographic name entry element | Evolutionary genetics. |
| 650 #4 - SUBJECT ADDED ENTRY--TOPICAL TERM | |
| Topical term or geographic name entry element | Genetics. |
| 700 1# - ADDED ENTRY--PERSONAL NAME | |
| Personal name | Girton, Jack R. |
| 700 1# - ADDED ENTRY--PERSONAL NAME | |
| Personal name | McDonald, John F. |
| Fuller form of name | (John Francis), |
| Dates associated with a name | 1947- |
| 856 41 - ELECTRONIC LOCATION AND ACCESS | |
| Materials specified | Table of contents only |
| Uniform Resource Identifier | <a href="http://www.loc.gov/catdir/enhancements/fy1514/98085629-t.html">http://www.loc.gov/catdir/enhancements/fy1514/98085629-t.html</a> |
| 906 ## - LOCAL DATA ELEMENT F, LDF (RLIN) | |
| a | 7 |
| b | cbc |
| c | copycat |
| d | 2 |
| e | opcn |
| f | 19 |
| g | y-gencatlg |
| 942 ## - ADDED ENTRY ELEMENTS (KOHA) | |
| Source of classification or shelving scheme | Library of Congress Classification |
| Koha item type | Books |
| Withdrawn status | Lost status | Source of classification or shelving scheme | Damaged status | Not for loan | Home library | Current library | Date acquired | Total checkouts | Full call number | Barcode | Date last seen | Price effective from | Koha item type |
|---|---|---|---|---|---|---|---|---|---|---|---|---|---|
| Library of Congress Classification | Murang'a University of Technology Library | Murang'a University of Technology Library | 13/01/2017 | QH430 .A86 1999 | 004020 | 30/08/2024 | 13/01/2017 | Books |